| 000 | 01917nam0a2200361 4500 | ||
|---|---|---|---|
| 001 | RU\NLR\bibl\469403 | ||
| 005 | 20250623185921.0 | ||
| 010 |
_a5-225-03811-5 _95000 |
||
| 021 |
_aRU _b2003-58911 _92880 |
||
| 035 | _a(NLR Aleph) 000462676 | ||
| 090 |
_a943878 _c943878 |
||
| 100 | _a20031205d2003 |||y0rusy50 ca | ||
| 101 | 1 |
_arus _ceng |
|
| 102 | _aRU | ||
| 105 | _aa ||||||||| | ||
| 200 | 1 |
_aРуководство Дьюхерста по акушерству и гинекологии для последипломного обучения _f[Д.К. Эдмондс и др.] _gПод ред. Ч.Р. Уитфилда _gПод ред. чл.-корр. РАМН В.И. Краснопольского _gПер. с англ. д.м.н. А.В. Кухтевича и др. |
|
| 210 |
_aМ. _cМедицина _d2003 |
||
| 215 |
_aXI,795 с. _cил. _d29 |
||
| 300 | _aЗагл. ориг.: Dewhurst's Textbook of Obstetrics and Gynaecology for Postgraduates | ||
| 320 | _aБиблиогр. в конце гл. | ||
| 454 | 0 |
_12001#$aDewhurst's Textbook of Obstetrics and Gynaecology for Postgraduates _tDewhurst's Textbook of Obstetrics and Gynaecology for Postgraduates |
|
| 606 | 0 |
_aАкушерство _jРуководства, пособия и т.п. _9906825 _3RU\NLR\auth\6610757 |
|
| 606 | 0 |
_aГинекология _jРуководства, пособия и т.п. _9930333 _3RU\NLR\auth\6623884 |
|
| 686 | _aР71я77 | ||
| 702 | 1 |
_aЭдмондс _bД. К. _4220 |
|
| 702 | 1 |
_aУитфилд _bЧ. Р. _4340 |
|
| 702 | 1 |
_aКраснопольский _bВ. И. _f1938- _gВладислав Иванович |
|
| 702 | 1 |
_aДьюхерст _bД. _gДжон _4570 |
|
| 801 | 0 |
_aRU _bNLR _c20031205 _gPSBO |
|
| 801 | 1 |
_aRU _bNLR _c20031205 |
|
| 942 | _cBOOK | ||
| 980 | _aNB | ||